01218 a2200181 45000010006000000050017000060080041000230030015000640400040000790800035001192450028001540200018001822500011002002640032002113000019002435050748002621000026010103760320260407155643.0260407a1996 arg spa dAR-UNSa-BCEJYS aAR-UNSa-BCEJYSbspacAR-UNSa-BCEJYS a658.82xPromoción de ventas 10aMarketing Estratégico a84-481-1611-9 a3a. ed 1aMadrid :bMcGraw-Hillc1996 a610 p.c23 cm. a1. El marketing en la empresa y en la economía - 2. El marketing en periodo de crisis y de turbulencia - 3. El marketing y la satisfacción de las necesidades - 4. El comportamiento de elección del comprador - 5. Los comportamientos de respuesta del comprador - 6. El análisis de las necesiades a través de la segmentación - 7. El análisis del atractivo del mercado de referencia - 8. El análisis de la competitividad de la empresa - 9. La elección de una estrategia de marketing - 10. El desarrollo por el lanzamiento de nuevos productos - 11. Las decisiones estrategicas de distribución - 12. Las decisiones estrategicas de precio - 13. Las decisiones estrategicas de comunicación - 14. El plan estrategico de marketing.1 aLambin, Jean- Jacques